000 00420nam a2200157 4500
001 132424
003 ES-MaACL
005 20230906194156.0
007 t|
008 070214s1921 mx r ||||1| spa d
100 1 _aRomero Flores, Jesús.
_999393
245 1 0 _aPáginas de Historia /
_cJesús Romero Flores.
260 _aMéxico :
_b[s. n.],
_c1921.
300 _a258 p. ;
_c22 x 14 cm.
852 _aES-MaACL
_jF-5797
999 _c132424
_d132424